The codependency conspiracy : how to break the recovery habit and take charge of your life /

Bibliographic Details
Main Author: Katz, Stan J.
Other Authors: Liu, Aimee
Format: Book
Language:English
Published: New York, NY : Warner Books, [1991]
Subjects:

MARC

Tag First Indicator Second Indicator Subfields
LEADER 00000cam a2200000 a 4500
001 in00001772002
005 20151025075127.0
008 900703s1991 nyua b 001 0 eng
010 |a  90050532  
020 |a 0446515957 :  |c $18.95 
035 |a (OCoLC)ocm22510948 
040 |a DLC  |c DLC  |d VET  |d TXA  |d UtOrBLW 
049 |a TXAM 
050 0 0 |a RC569.5.C63  |b K38 1991 
082 0 0 |a 616.86  |2 20 
096 |a WM 270 K19 1991 
100 1 |a Katz, Stan J. 
245 1 4 |a The codependency conspiracy :  |b how to break the recovery habit and take charge of your life /  |c Stan J. Katz and Aimee E. Liu. 
264 1 |a New York, NY :  |b Warner Books,  |c [1991] 
264 4 |c ©1991 
300 |a xvi, 233 pages :  |b illustrations ;  |c 24 cm. 
336 |a text  |b txt  |2 rdacontent 
337 |a unmediated  |b n  |2 rdamedia 
338 |a volume  |b nc  |2 rdacarrier 
504 |a Includes bibliographical references and index. 
650 0 |a Codependency. 
650 0 |a Codependents  |x Rehabilitation. 
650 2 |a Dependency (Psychology)  |x popular works. 
650 2 |a Interpersonal Relations  |x popular works. 
650 2 |a Substance-Related Disorders  |x popular works. 
700 1 |a Liu, Aimee. 
948 |a cataloged  |b h  |c 2003/7/10  |d c  |e ceaton  |f 9:15:59 am 
994 |a E0  |b TXA 
999 |a MARS 
999 f f |s 43895b21-5b1b-38a3-a7a6-14d2195a78da  |i cec5731a-1111-3604-aa3b-d2c0740fe53a  |t 0 
952 f f |p ric  |a Texas A&M University  |b Rellis Campus  |c Joint Library Facility  |d Remote Storage  |t 0  |e RC569.5.C63 K38 1991  |h Library of Congress classification  |i unmediated -- volume  |m A14830292634 
998 f f |a RC569.5.C63 K38 1991  |t 0  |l Remote Storage